000 00408nam a2200145 i 4500
001 bg
245 0 _aĆwiczenia laboratoryjne z elektrochemii technicznej /
_cWładysław Rekść [et al.].
260 _aPoznań,
_c1974.
700 1 _aRekść, Władysław.
_eRed.
040 _cBPK
041 _apol
080 _a541.1:621.791/.795](075.8)(076)
942 _cKS
008 s pl f |000 0 pol
999 _c15792
_d15792
856 _uhttp://koha.tu.koszalin.pl/cgi-bin/koha/opac-detail.pl?biblionumber=15792
_yKatalog online BPK